| 000 | 00538nam a2200169Ia 4500 | ||
|---|---|---|---|
| 003 | IN-BaIIA | ||
| 008 | 211028s9999 xx 000 0 eng d | ||
| 040 | _cIIA Library | ||
| 080 |
_a52(091) _bVAU |
||
| 100 |
_aDe Vaucouleurs, Gerard _91262 |
||
| 245 | 0 |
_aDiscovery of the universe _ban outline of the history of astronomy from the origins to 1956 _cGerard De Vaucouleurs |
|
| 260 |
_aLondon _bFaber and Faber _c1956 |
||
| 300 | _a328p. | ||
| 650 | _aAstronomy and Astrophysics Thesaurus | ||
| 650 |
_aAstronomy-History _9900 |
||
| 942 | _cBK | ||
| 999 |
_c1685 _d1685 |
||